| 000 | 00909nam a2200313 a 4500 | ||
|---|---|---|---|
| 001 | 000108236 | ||
| 003 | CHAP | ||
| 005 | 20220329144004.0 | ||
| 008 | 140116s2012 flua |r| |||1|||eng d | ||
| 010 | _a104698 | ||
| 011 | _a105670 | ||
| 020 | _a9781439895078 | ||
| 040 | _cCHAP | ||
| 082 | 0 | 4 |
_a388.34 _bD35 2012 |
| 100 | 1 |
_aDella Giustina, Daniel E. _9125170 |
|
| 245 | 1 | 0 |
_aMotor fleet safety and security management / _cpor Daniel E. Della-Giustina. |
| 250 | _a2 ed. | ||
| 260 |
_aBoca Raton, FL : _bTaylor & Francis, _cc2012. |
||
| 300 |
_axxi, 163 p. : _bil., gráfs. |
||
| 590 |
_aE11695DGD _b10 _c20140117 _lUCH01 _h0820 |
||
| 590 |
_aE6096MTM _b05 _c20140116 _lUCH01 _h1500 |
||
| 650 | 1 | 4 |
_aGestión de riesgos. _947803 |
| 650 | 1 | 4 |
_aSeguridad industrial. _9103675 |
| 650 | 1 | 4 |
_aTráfico. _9115238 |
| 650 | 1 | 4 |
_aVehículos de motor. _9118332 |
| 901 | _aBK | ||
| 942 | _cLIBRO | ||
| 942 | _n0 | ||
| 999 |
_c104698 _d104698 |
||